| 000 -LEADER |
| fixed length control field |
00631cam a2200181 a 4500 |
| 020 ## - INTERNATIONAL STANDARD BOOK NUMBER |
| ISBN |
0072862858 (softcover : alk. paper) |
| 020 ## - INTERNATIONAL STANDARD BOOK NUMBER |
| ISBN |
0072958618 (CDROMs and guidebook) |
| 020 ## - INTERNATIONAL STANDARD BOOK NUMBER |
| ISBN |
0072958596 (annotated instructor's ed : softcover : alk. paper) |
| 040 ## - CATALOGING SOURCE |
| Transcribing agency |
DLC |
| 082 00 - DEWEY DECIMAL CLASSIFICATION NUMBER |
| Classification number |
808 MCG 2005 A092 Or. |
| 100 1# - MAIN ENTRY--AUTHOR NAME |
| Personal name |
Gregory, Hamilton. |
| 245 10 - TITLE STATEMENT |
| Title |
Public speaking for college and career / |
| 250 ## - EDITION STATEMENT |
| Edition statement |
7th ed. |
| 260 ## - PUBLICATION, DISTRIBUTION, ETC. (IMPRINT) |
| Place of publication |
Boston : |
| Name of publisher |
McGraw-Hill, |
| Year of publication |
c2005. |
| 300 ## - PHYSICAL DESCRIPTION |
| Number of Pages |
xxxv, 476 p. : |
| Other physical details |
col. ill. ; |
| Dimensions |
26 cm. + |
| Accompanying material |
2 CD-ROMs (4 3/4 in.) + 1 SpeechMate CD-ROM 3.0 guidebook (16 p.) |
| 650 #0 - SUBJECT ADDED ENTRY--TOPICAL TERM |
| Topical Term |
Public speaking. |
| 942 ## - ADDED ENTRY ELEMENTS (KOHA) |
| Koha item type |
សៀវភៅភាសាអង់គ្លេស |
| 952 ## - LOCATION AND ITEM INFORMATION (KOHA) |
| Withdrawn status [LOCAL, KOHA] |
0 |